Central Library OPAC University of Rajshahi

A bibliography of the writings of W. B. Yeats / (Record no. 17635)

MARC details
000 -LEADER
fixed length control field 00647nam a2200217u 4500
001 - CONTROL NUMBER
control field 17635
003 - CONTROL NUMBER IDENTIFIER
rucl marc code BD-RjUL
005 - DATE AND TIME OF LATEST TRANSACTION
control field 20211209000154.0
008 - FIXED-LENGTH DATA ELEMENTS--GENERAL INFORMATION
fixed length control field 140217s1951 enkch 001 0beng
035 ## - SYSTEM CONTROL NUMBER
System control number (BD-RjUL)17693
040 ## - CATALOGING SOURCE
Original cataloging agency DLC
Transcribing agency CarP
Modifying agency BD-RjUL
Language of cataloging eng
041 ## - LANGUAGE CODE
Language code of text/sound track or separate title eng
082 04 - DEWEY DECIMAL CLASSIFICATION NUMBER
Classification number 016.82191
Author mark and year WAB 1951
100 1# - MAIN ENTRY--PERSONAL NAME
Personal name Wade, Allan
Dates associated with a name 1881-1955.
9 (RLIN) 54375
245 12 - TITLE STATEMENT
Title A bibliography of the writings of W. B. Yeats /
Statement of responsibility, etc. Allan Wade
260 ## - PUBLICATION, DISTRIBUTION, ETC. (IMPRINT)
Place of publication, distribution, etc. London :
Name of publisher, distributor, etc. R. Hart-Davis,
Date of publication, distribution, etc. 1951.
300 ## - PHYSICAL DESCRIPTION
Pagination 390 p. :
Illustrations ill. ;
Size 22 cm.
600 10 - SUBJECT ADDED ENTRY--PERSONAL NAME
Personal name Yeats, W. B.
Fuller form of name (William Butler),
Dates associated with a name 1865-1939
General subdivision Bibliography.
942 ## - ADDED ENTRY ELEMENTS (KOHA)
Source of classification or shelving scheme Dewey Decimal Classification
Koha item type Reference
Holdings
Lost status Source of classification or shelving scheme Damaged status Not for loan Collection code Permanent Location Current Location Shelving location Date acquired Source of acquisition Cost, normal purchase price Total Checkouts Full call number Date last seen Copy number Koha item type
  Dewey Decimal Classification   Not For Loan Reference Central Library, University of Rajshahi Central Library, University of Rajshahi   07/08/1956 Basil Blackwell 3.30   R 016.82191 WAB 1951 17/02/2014 C-1 Reference